000 00300nam a2200121Ia 4500
008 190216s9999||||xx |||||||||||||| ||und||
100 _aJohn R Riggleman & Ira N Frisbee
245 0 _aBusiness Statistics
260 _bJohn Wiley & Sons
_c1951
300 _a818p
650 _aCommerce
942 _cBK
999 _c4470
_d4470